[Event "MPN2026"]
[Site "Pokrzywna"]
[Date "2026.01.14"]
[Round "1.5"]
[White "Madrawski, Krzysztof"]
[Black "Rajtar, Jaroslaw"]
[Result "1-0"]
[WhiteElo "2090"]
[BlackElo "1774"]
[PlyCount "85"]
[EventDate "2026.01.14"]
[SourceDate "2026.01.14"]

1. d4 Nf6 2. c4 g6 3. Nc3 d6 4. e4 Bg7 5. h3 O-O 6. Be3 Na6 7. Nf3 c5 8. d5 Nc7
9. Bd3 a6 10. a4 Bd7 11. a5 e6 12. e5 dxe5 13. d6 Nce8 14. Bxc5 Bc6 15. Nxe5
Bxg2 16. Rg1 Bxh3 17. d7 Nxd7 18. Nxd7 Qxd7 19. Bxf8 Kxf8 20. Qf3 Bf5 21. Bxf5
gxf5 22. Na4 Qd6 23. Qa3 Qxa3 24. Rxa3 Nf6 25. Rag3 Bh6 26. Rd3 Rc8 27. Nb6 Rc5
28. b4 Re5+ 29. Kf1 Ke7 30. Nc8+ Ke8 31. Nd6+ Ke7 32. Nxb7 Ne4 33. b5 Nc5 34.
Nxc5 Rxc5 35. b6 Rxc4 36. Rg8 Rb4 37. Ra8 e5 38. Ra7+ Ke6 39. Rxa6 e4 40. b7+
Ke5 41. Rb6 Rxb6 42. axb6 exd3 43. b8=Q+ 1-0

[Event "MPN_2026"]
[Site "Pokrzywna"]
[Date "2026.01.14"]
[Round "1.2"]
[White "Czech Mieczyslaw"]
[Black "Jasnikowski Zbigniew"]
[Result "0-1"]
[WhiteElo "1781"]
[BlackElo "2201"]
[PlyCount "55"]
[EventDate "2026.01.14"]
[SourceDate "2026.01.14"]

1. c4 e5 2. Nc3 Nf6 3. g3 Bb4 4. Bg2 O-O 5. d3 Re8 6. Bd2 c6 7. e4 d5 8. cxd5
Bxc3 9. Bxc3 cxd5 10. exd5 Nxd5 11. Ne2 Nc6 12. O-O Bf5 13. d4 Bg4 14. dxe5
Nxc3 15. bxc3 Qxd1 16. Rfxd1 Bxe2 17. Rd7 Nxe5 18. Rxb7 Bf3 19. Bxf3 Nxf3+ 20.
Kg2 Re1 21. Rxe1 Nxe1+ 22. Kf1 Nd3 23. Rc7 Kf8 24. a4 a5 25. h4 Nb2 26. h5 Nxa4
27. Ke2 Nb6 28. Kd3 {(dalszy zapis nieczytelny)} 0-1

[Event "MPN_2026"]
[Site "Pokrzywna"]
[Date "2026.01.14"]
[Round "1.4"]
[White "Kubin, Aleksander"]
[Black "Stachanczyk, Jacek"]
[Result "0-1"]
[WhiteElo "1774"]
[BlackElo "2114"]
[PlyCount "70"]
[EventDate "2026.01.14"]

1. e4 c5 2. Nc3 Nc6 3. f4 g6 4. Nf3 Bg7 5. Bc4 e6 6. O-O Nge7 7. Qe1 O-O 8. f5
d5 9. f6 Bxf6 10. e5 Bg7 11. Bb5 Nd4 12. Nxd4 cxd4 13. Nd1 Qc7 14. Nf2 Qxe5 15.
Be2 Qc7 16. Bd1 e5 17. d3 f5 18. c4 dxc4 19. dxc4 b6 20. Nd3 Bb7 21. Bd2 Rae8
22. Rc1 Qc6 23. Qg3 f4 24. Qh3 h5 25. c5 Bc8 26. g4 fxg3 27. Rxf8+ Rxf8 28.
Qxg3 Bb7 29. Nf2 Nf5 30. Qh3 bxc5 31. b4 e4 32. Rxc5 Qe8 33. Bb3+ Kh8 34. Bf4
e3 35. Ng4 e2 0-1

[Event "MPN_2026"]
[Site "Pokrzywna"]
[Date "2026.01.14"]
[Round "1.6"]
[White "Sobich, Stanislaw"]
[Black "Seifert, Henryk"]
[Result "0-1"]
[WhiteElo "1760"]
[BlackElo "2061"]
[PlyCount "71"]
[EventDate "2026.01.14"]

1. e4 e6 2. Nf3 d5 3. exd5 exd5 4. d4 Bd6 5. Bg5 Ne7 6. Bh4 Bg4 7. Be2 O-O 8.
O-O Nbc6 9. Re1 Re8 10. Nbd2 Qd7 11. Bg3 Nf5 12. Bxd6 Nxd6 13. c3 Re7 14. Bd3
Rxe1+ 15. Qxe1 Re8 16. Qb1 h6 17. Qc2 Bf5 18. Re1 Rxe1+ 19. Nxe1 Qe6 20. Bxf5
Nxf5 21. Kf1 Nce7 22. Qa4 Ng6 23. Nd3 Nfh4 24. Qd1 Qa6 25. Qe2 Nxg2 26. Qe8+
Kh7 27. c4 dxc4 28. Nc5 Qf6 29. Nce4 Qxd4 30. Nf3 Qxb2 31. Kxg2 f5 32. Ned2 c3
33. Nc4 Qxa2 34. Nfe5 Nxe5 35. Nxe5 Qa6 36. Nd7 0-1

[Event "MPN_2026"]
[Site "Pokrzywna"]
[Date "2026.01.14"]
[Round "1.1"]
[White "Czerwonski, Aleksander"]
[Black "Debowska, Teresa"]
[Result "1-0"]
[WhiteElo "2281"]
[BlackElo "1802"]
[PlyCount "71"]
[EventDate "2026.01.14"]

1. d4 Nf6 2. c4 d6 3. Nc3 Bf5 4. f3 g6 5. e4 Bc8 6. Be3 Nbd7 7. Qd2 h5 8. O-O-O
e5 9. d5 c5 10. Bd3 a6 11. Nge2 Qa5 12. Kb1 b5 13. cxb5 axb5 14. Nxb5 Qxa2+ 15.
Kc1 Qa5 16. Qxa5 Rxa5 17. Kc2 Be7 18. Bd2 Ra4 19. b3 Ra2+ 20. Kb1 Rxd2 21. Rxd2
O-O 22. Ra2 Bb7 23. Kc2 Rb8 24. Nec3 Nb6 25. Rha1 Ne8 26. Na7 Bd8 27. Bb5 Bc7
28. Nc6 Ra8 29. Rxa8 Bxa8 30. Ra7 Kf8 31. Na4 Nxa4 32. bxa4 Bxc6 33. Bxc6 Bd8
34. Bxe8 Kxe8 35. a5 f6 36. a6 1-0

[Event "MPN_2026"]
[Site "Pokrzywna"]
[Date "2026.01.14"]
[Round "1.3"]
[White "Dukaczewski, Piotr"]
[Black "Zelajtys, Jozef"]
[Result "1-0"]
[WhiteElo "2176"]
[BlackElo "1774"]
[PlyCount "67"]
[EventDate "2026.01.14"]
[SourceDate "2026.01.14"]

1. e4 e6 2. d4 d5 3. Nd2 Nf6 4. e5 Nfd7 5. f4 c5 6. c3 Nc6 7. Ndf3 cxd4 8. cxd4
Bb4+ 9. Bd2 Qb6 10. Bxb4 Qxb4+ 11. Qd2 f6 12. Qxb4 Nxb4 13. Kd2 a6 14. Ne2 fxe5
15. fxe5 Ke7 16. g3 Rf8 17. Nf4 Nb6 18. b3 Nc6 19. Ke3 Bd7 20. Ng5 Rh8 21. Bh3
Nd8 22. Rhf1 g6 23. Nxh7 Be8 24. Ng5 Rc8 25. Rac1 Rc6 26. Rxc6 bxc6 27. Rf2 c5
28. dxc5 Nd7 29. Ngxe6 d4+ 30. Kd2 Nxe6 31. Nd5+ Kd8 32. Bxe6 Kc8 33. Ne7+ Kb8
34. c6 1-0

[Event "MPN_2026"]
[Site "Pokrzywna"]
[Date "2026.01.15"]
[Round "2.1"]
[White "Krogulski, Maksymilian"]
[Black "Czerwonski, Aleksander"]
[Result "0-1"]
[WhiteElo "2281"]
[BlackElo "1851"]
[PlyCount "84"]
[EventDate "2026.01.15"]
[SourceDate "2026.01.15"]

1. e4 c5 2. Nf3 Nc6 3. c3 e5 4. Bd3 Nf6 5. O-O Be7 6. Bc2 d5 7. exd5 Qxd5 8. d3
Bg4 9. Be3 Bxf3 10. Qxf3 Qxf3 11. gxf3 Nd5 12. Nd2 O-O-O 13. Nb3 b6 14. Rad1 h6
15. d4 exd4 16. cxd4 c4 17. Nd2 c3 18. Ba4 Rd6 19. Ne4 Rg6+ 20. Kh1 cxb2 21.
Bb3 Rd8 22. Rd2 f5 23. Bxd5 Rxd5 24. Nc3 Rd7 25. d5 Ne5 26. Rxb2 Nxf3 27. Ne2
Rgd6 28. Rc1+ Kb7 29. Nc3 Bf6 30. a4 Rxd5 31. Kg2 Nh4+ 32. Kf1 g5 33. a5 Rxa5
34. Rb4 Bxc3 35. Rxc3 Ra1+ 36. Ke2 Ra2+ 37. Ke1 f4 38. Bd4 g4 39. Bf6 Nf3+ 40.
Rxf3 gxf3 41. Re4 Rc2 42. Be5 Rc1# 0-1

[Event "MPN_2026"]
[Site "Pokrzywna"]
[Date "2026.01.15"]
[Round "2.2"]
[White "Jasnikowski, Zbigniew"]
[Black "Naruszewicz, Lukasz"]
[Result "1-0"]
[WhiteElo "2201"]
[BlackElo "1854"]
[PlyCount "95"]
[EventDate "2026.01.15"]
[SourceDate "2026.01.15"]

1. d4 Nf6 2. Nf3 d6 3. c4 Bf5 4. Qb3 Qc8 5. Nc3 Nbd7 6. Nh4 Bg6 7. Nxg6 hxg6 8.
g3 Ng4 9. Bg2 c6 10. h3 Ngf6 11. Bd2 Qc7 12. e3 e5 13. d5 Nc5 14. Qc2 a5 15. b3
Be7 16. Rb1 Qd7 17. a3 cxd5 18. b4 axb4 19. axb4 Nce4 20. Nxd5 Nxd5 21. Qxe4
Nc7 22. Qxb7 O-O 23. Qc6 Qd8 24. O-O Ra2 25. Rfd1 Ne6 26. Ra1 Rxa1 27. Rxa1 Qb8
28. Ra8 Qxa8 29. Qxa8 Rxa8 30. Bxa8 Bd8 31. Bd5 Nf8 32. Kf1 Nd7 33. Ke2 Kf8 34.
e4 Ke7 35. Bc6 Nb6 36. Kd3 Bc7 37. Be3 Nc8 38. f3 Nb6 39. c5 Nd7 40. Bxd7 Kxd7
41. Kc4 dxc5 42. Bxc5 Ke6 43. Kb5 f5 44. Kc6 Bd8 45. b5 f4 46. g4 Kf6 47. b6
Bxb6 48. Bxb6 1-0

[Event "MPN_2026"]
[Site "Pokrzywna"]
[Date "2026.01.15"]
[Round "2.3"]
[White "Kaczmarczyk, Jakub"]
[Black "Dukaczewski, Piotr"]
[Result "0-1"]
[WhiteElo "1824"]
[BlackElo "2176"]
[PlyCount "80"]
[EventDate "2026.01.15"]
[SourceDate "2026.01.15"]

1. e4 c5 2. c3 Nf6 3. e5 Nd5 4. d4 cxd4 5. cxd4 e6 6. Nf3 b6 7. Nc3 Bb7 8. Be2
Nxc3 9. bxc3 Qc7 10. Qd2 Nc6 11. O-O Na5 12. Qe3 Rc8 13. Bb2 Nc4 14. Bxc4 Qxc4
15. Nd2 Qb5 16. Rfb1 Qc6 17. f3 d5 18. Qg5 h6 19. Qg4 Ba6 20. a4 Bd3 21. Rc1 g5
22. Ba3 Qd7 23. Bxf8 Kxf8 24. h4 Qe7 25. h5 Rg8 26. a5 bxa5 27. Rxa5 Qb7 28.
Ra2 Rc7 29. f4 Qc8 30. Rca1 a6 31. Ra3 Rxc3 32. Kh2 Bb5 33. Nf3 Rxa3 34. Rxa3
Qc1 35. Ra2 Qxf4+ 36. Qxf4 gxf4 37. Rc2 Kg7 38. Rc7 Ra8 39. Nd2 a5 40. Nb1 Be2
0-1

[Event "MPN_2026"]
[Site "Pokrzywna"]
[Date "2026.01.15"]
[Round "2.4"]
[White "Stachanczyk, Jacek"]
[Black "Ziemniak, Piotr"]
[Result "1-0"]
[WhiteElo "2114"]
[BlackElo "1846"]
[PlyCount "49"]
[EventDate "2026.01.15"]
[SourceDate "2026.01.15"]

1. c4 d6 2. Nc3 e5 3. g3 Nc6 4. Bg2 Nf6 5. d3 Be7 6. e3 a6 7. Nge2 O-O 8. O-O
Bg4 9. h3 Bd7 10. b3 Rb8 11. Bb2 h6 12. Rc1 Nh7 13. Nd5 f5 14. Kh2 Be8 15. b4
Bf6 16. b5 Ne7 17. Nxf6+ Nxf6 18. f4 Ng6 19. fxe5 Nxe5 20. Nd4 Nfg4+ 21. hxg4
Nxg4+ 22. Qxg4 fxg4 23. Rxf8+ Kh7 24. Be4+ g6 25. Ne6 1-0

[Event "MPN_2026"]
[Site "Pokrzywna"]
[Date "2026.01.15"]
[Round "2.5"]
[White "Sosnowska, Elzbieta"]
[Black "Madrawski, Krzysztof"]
[Result "0-1"]
[WhiteElo "1822"]
[BlackElo "2090"]
[PlyCount "94"]
[EventDate "2026.01.15"]
[SourceDate "2026.01.15"]

1. e4 e6 2. d4 d5 3. Nd2 Nf6 4. e5 Nfd7 5. Bd3 b6 6. c3 Ba6 7. Ndf3 c5 8. Ne2
Bxd3 9. Qxd3 Be7 10. O-O Nc6 11. Bf4 Rc8 12. Qd2 b5 13. dxc5 Bxc5 14. Ned4 Bxd4
15. cxd4 Nb6 16. b3 Qe7 17. a3 a6 18. Rfc1 O-O 19. Bg5 f6 20. exf6 gxf6 21. Bh6
Rfe8 22. Qd3 Kh8 23. Bd2 Rg8 24. g3 Qa7 25. Re1 Rge8 26. Re2 Rc7 27. Rae1 Rce7
28. Qc3 Qb7 29. Bf4 Qd7 30. Qc5 Nc8 31. b4 Nd8 32. Nd2 Nb7 33. Qc3 Nb6 34. Nb3
Nc4 35. Nc5 Nxc5 36. bxc5 Kg8 37. Qf3 e5 38. dxe5 fxe5 39. Bg5 Rf7 40. Qc3 e4
41. f4 d4 42. Qb3 Qd5 43. a4 d3 44. Rd2 Qd4+ 45. Rf2 e3 46. Rg2 e2+ 47. Kh1 d2
0-1

[Event "MPN_2026"]
[Site "Pokrzywna"]
[Date "2026.01.15"]
[Round "2.6"]
[White "Seifert, Henryk"]
[Black "Kulpinski, Piotr"]
[Result "0-1"]
[WhiteElo "2061"]
[BlackElo "1830"]
[PlyCount "58"]
[EventDate "2026.01.15"]
[SourceDate "2026.01.15"]

1. e4 c5 2. Nf3 Nc6 3. Bb5 Nf6 4. e5 Nd5 5. Nc3 Nc7 6. Bc4 d5 7. exd6 exd6 8.
O-O Be7 9. Nd5 Nxd5 10. Bxd5 Nb4 11. Bb3 O-O 12. a3 Nc6 13. Bd5 Bf6 14. h3 Ne7
15. Ba2 b5 16. d4 Bb7 17. c3 Bxf3 18. Qxf3 cxd4 19. cxd4 Bxd4 20. Bg5 Qd7 21.
Rad1 Bb6 22. Rfe1 Ng6 23. h4 Rae8 24. Qg3 Rxe1+ 25. Rxe1 Re8 26. Rd1 Ne5 27.
Bf6 Qg4 28. Rd3 gxf6 29. Qxg4+ Nxg4 0-1

[Event "MPN_2026"]
[Site "Pokrzywna"]
[Date "2026.01.16"]
[Round "3.6"]
[White "Mannke, Manfred"]
[Black "Janas, Andrzej"]
[Result "1-0"]
[WhiteElo "2055"]
[BlackElo "1638"]
[PlyCount "49"]
[EventDate "2026.01.16"]
[SourceDate "2026.01.16"]

1. d4 d5 2. c4 e6 3. Nc3 c6 4. Nf3 Nd7 5. e4 Bb4 6. e5 h6 7. cxd5 cxd5 8. Bd3
a6 9. O-O Bxc3 10. bxc3 b5 11. a4 bxa4 12. Qxa4 Ne7 13. Ba3 O-O 14. c4 Bb7 15.
c5 Bc6 16. Qc2 a5 17. Nh4 Rb8 18. Qe2 a4 19. f4 g6 20. f5 Nxf5 21. Nxf5 exf5
22. e6 Re8 23. Bxf5 Kg7 24. Bxg6 Rxe6 25. Rxf7+ 1-0

[Event "MPN_2026"]
[Site "Pokrzywna"]
[Date "2026.01.16"]
[Round "3.3"]
[White "Dukaczewski, Piotr"]
[Black "Siewert, Roman"]
[Result "1-0"]
[WhiteElo "2176"]
[BlackElo "1870"]
[PlyCount "65"]
[EventDate "2026.01.16"]
[SourceDate "2026.01.16"]

1. d4 Nf6 2. c4 g6 3. Nc3 Bg7 4. e4 O-O 5. h3 d6 6. Be3 Nbd7 7. Nf3 e5 8. d5
Nc5 9. Nd2 a5 10. g4 h5 11. g5 Nh7 12. h4 f5 13. exf5 Bxf5 14. Bxc5 dxc5 15.
Nde4 b6 16. Bd3 Qd7 17. Qc2 Rae8 18. O-O-O Rf7 19. Qd2 Nf8 20. Bc2 Rd8 21. Qe3
Bg4 22. Rd2 Rf3 23. Qe1 Qf7 24. Ba4 Kh8 25. Kb1 Bd7 26. Bd1 Rf4 27. f3 Rb8 28.
Qe3 b5 29. cxb5 Bxb5 30. Qxc5 Nd7 31. Qxc7 Bf8 32. Nxb5 Rxb5 33. Ba4 1-0

[Event "MPN_2026"]
[Site "Pokrzywna"]
[Date "2026.01.16"]
[Round "3.2"]
[White "Salamon, Julia"]
[Black "Jasnikowski, Zbigniew"]
[Result "0-1"]
[WhiteElo "1995"]
[BlackElo "2201"]
[PlyCount "79"]
[EventDate "2026.01.16"]
[SourceDate "2026.01.16"]

1. d4 Nf6 2. c4 e6 3. Nf3 d5 4. Nc3 c5 5. cxd5 Nxd5 6. e4 Nxc3 7. bxc3 cxd4 8.
cxd4 Bb4+ 9. Bd2 Bxd2+ 10. Qxd2 O-O 11. Bc4 Nd7 12. O-O b6 13. d5 Nc5 14. dxe6
Bxe6 15. Bxe6 Nxe6 16. Qb2 Qd3 17. Rfe1 Rac8 18. Rad1 Qc3 19. Qxc3 Rxc3 20. Nd4
Nxd4 21. Rxd4 Rfc8 22. Red1 g5 23. f3 Rc1 24. a4 h6 25. Kf2 Rxd1 26. Rxd1 Rc2+
27. Kg3 Ra2 28. Rd4 Kf8 29. Kh3 Ke7 30. g3 h5 31. f4 f6 32. g4 Ra3+ 33. Kg2
hxg4 34. f5 a5 35. Kf2 Rb3 36. Ke2 Rh3 37. Kd2 Rxh2+ 38. Kc3 g3 39. Kc4 g2 40.
Rd1 0-1

[Event "MPN_2026"]
[Site "Pokrzywna"]
[Date "2026.01.16"]
[Round "3.1"]
[White "Czerwonski, Aleksander"]
[Black "Chojnowski, Marcin"]
[Result "0-1"]
[WhiteElo "2281"]
[BlackElo "2032"]
[PlyCount "94"]
[EventDate "2026.01.16"]
[SourceDate "2026.01.16"]

1. d4 Nf6 2. Nf3 e6 3. c4 c5 4. d5 b5 5. Bg5 exd5 6. cxd5 h6 7. Bxf6 Qxf6 8. e4
Qxb2 9. Nbd2 a6 10. a4 Bd6 11. axb5 O-O 12. Be2 Bb7 13. Rb1 Qc3 14. b6 f5 15.
e5 Bxe5 {=} 16. Rc1 Qb2 17. Nc4 Qb4+ 18. Kf1 d6 19. Rb1 Qc3 20. Nfxe5 dxe5 21.
Nd6 Rf7 22. Nxf7 Kxf7 23. Rc1 Qb4 24. d6 Nd7 25. Bc4+ Kf6 26. Qh5 Rf8 27. g4
Be4 28. Qh4+ Kg6 29. gxf5+ Bxf5 30. Rg1+ Kh7 31. Rg3 Qd2 32. Re1 g5 33. Rxg5
Qxg5 34. Qxg5 hxg5 35. b7 Bh3+ 36. Ke2 Rf4 37. Bd3+ Kg7 38. Rc1 Rb4 39. Bxa6
Rb6 40. Ra1 Be6 41. Ra5 Rxa6 42. Rxc5 Rb6 43. Rc7 Kf6 44. Kd3 g4 45. Ke3 Bf5
46. f4 gxf3 47. Kxf3 Ke6 0-1

[Event "MPN_2026"]
[Site "Pokrzywna"]
[Date "2026.01.16"]
[Round "3.5"]
[White "Madrawski, Krzysztof"]
[Black "Jagielski, Szymon"]
[Result "1-0"]
[WhiteElo "2090"]
[BlackElo "1733"]
[PlyCount "101"]
[EventDate "2026.01.16"]
[SourceDate "2026.01.16"]

1. e4 c6 2. d4 d5 3. e5 c5 4. dxc5 e6 5. Be3 Nd7 6. Bb5 Ne7 7. b4 a5 8. c3 Nc6
9. Nf3 axb4 10. Bxc6 bxc6 11. cxb4 Ba6 12. Qd4 Qb8 13. Nc3 Bc4 14. a3 h5 15. h4
Be7 16. Bf4 O-O 17. Rh3 Nxc5 18. bxc5 Bxc5 19. Qxc5 Qb2 20. Rc1 Rxa3 21. Qe3
Rxc3 22. Rxc3 Ra8 23. Rc1 Ra2 24. Ng1 d4 25. Qd2 Qb6 26. Rxc4 Rxd2 27. Bxd2
Qb1+ 28. Rc1 Qe4+ 29. Kf1 Qxe5 30. Rb3 c5 31. Nf3 Qd5 32. Rb8+ Kh7 33. Rc8 f6
34. R1xc5 Qe4 35. Rxh5+ Kg6 36. Rhh8 e5 37. h5+ Kf5 38. Kg1 g5 39. hxg6 Kxg6
40. Rh6+ Kf7 41. Rc7+ Kg8 42. Rxf6 Qb1+ 43. Kh2 Qb8 44. Rff7 d3 45. Nxe5 Qe8
46. Rg7+ Kh8 47. Rh7+ Kg8 48. Rcg7+ Kf8 49. Bb4+ Qe7 50. Bxe7+ Ke8 51. Rg8# 1-0

[Event "MPN_2026"]
[Site "Pokrzywna"]
[Date "2026.01.16"]
[Round "3.4"]
[White "Kulpinski, Piotr"]
[Black "Stachanczyk, Jacek"]
[Result "0-1"]
[WhiteElo "1830"]
[BlackElo "2114"]
[PlyCount "82"]
[EventDate "2026.01.16"]
[SourceDate "2026.01.16"]

1. d4 d5 2. c4 c6 3. cxd5 cxd5 4. Nc3 Nf6 5. Bf4 Nc6 6. e3 Bg4 7. f3 Bf5 8. g4
Bg6 9. h4 {=} h6 10. h5 Bh7 11. a3 e6 12. Bd3 Bxd3 13. Qxd3 Bd6 14. Nge2 a6 15.
Kf2 Bxf4 16. exf4 Qd6 17. b4 b5 18. Rae1 Ne7 19. Qe3 Nd7 20. Ng3 Rc8 21. f5 Kd8
22. fxe6 fxe6 23. Rc1 Rf8 24. Kg2 Rc4 25. Rhe1 Rf6 26. Nf1 Qb6 27. Ne2 e5 28.
Rxc4 dxc4 29. Qe4 Qc6 30. Qe3 Nd5 31. Qe4 Re6 32. Qh7 Re7 33. dxe5 Nxe5 34. Nd4
Qb7 35. Nd2 Kd7 36. Ne4 Nd3 37. Qf5+ Kc7 38. Rd1 Ne3+ 39. Kg1 Nxf5 40. gxf5
Rxe4 41. fxe4 Qb6 0-1

[Event "MPN_2026"]
[Site "Pokrzywna"]
[Date "2026.01.17"]
[Round "4.3"]
[White "Stachanczyk, Jacek"]
[Black "Mannke, Manfred"]
[Result "1-0"]
[WhiteElo "2114"]
[BlackElo "2055"]
[PlyCount "55"]
[EventDate "2026.01.17"]
[SourceDate "2026.01.17"]

1. e4 e6 2. d4 d5 3. Nc3 Nf6 {=} 4. e5 Nfd7 5. f4 c5 6. Nf3 Nc6 7. Be3 a6 8.
Qd2 b5 9. a3 b4 10. axb4 cxb4 11. Na4 a5 12. Bb5 Qc7 13. O-O Nb6 14. b3 Nxa4
15. Rxa4 Bd7 16. Qe2 Be7 {=} 17. Raa1 O-O 18. Bd3 a4 19. bxa4 Na5 20. g4 Nc4
21. f5 Nxe3 22. Qxe3 Qc3 23. f6 gxf6 24. Qh6 f5 25. Ng5 Bxg5 26. Qxg5+ Kh8 27.
Qf6+ Kg8 28. gxf5 1-0

[Event "MPN_2026"]
[Site "Pokrzywna"]
[Date "2026.01.17"]
[Round "4.4"]
[White "Malecki, Eugeniusz"]
[Black "Pietrucha, Jaroslaw"]
[Result "1/2-1/2"]
[WhiteElo "1974"]
[BlackElo "1823"]
[PlyCount "43"]
[EventDate "2026.01.17"]
[SourceDate "2026.01.17"]

1. e4 Nc6 2. f4 d5 3. e5 d4 4. d3 e6 5. Nd2 Nh6 6. Ne4 Nf5 7. Nf3 Be7 8. Be2 b6
9. O-O Bb7 10. a3 a5 11. Bd2 g6 12. Qe1 h5 13. Nfg5 Nb8 14. Bf3 Qc8 15. g3 Nd7
16. Qe2 Nc5 17. Qg2 Nxe4 18. Nxe4 Kf8 19. Rac1 Qd8 20. Rfe1 Rc8 21. Qe2 Bd5 22.
Qg2 1/2-1/2

[Event "MPN_2026"]
[Site "Pokrzywna"]
[Date "2026.01.17"]
[Round "4.6"]
[White "Krogulski, Maksymilian"]
[Black "Salamon, Julia"]
[Result "1-0"]
[WhiteElo "1851"]
[BlackElo "1995"]
[PlyCount "97"]
[EventDate "2026.01.17"]
[SourceDate "2026.01.17"]

1. e4 c5 2. Nf3 Nc6 3. d4 cxd4 4. Nxd4 e5 5. Nxc6 bxc6 6. Nc3 Nf6 7. Bd3 Bb4 8.
Bd2 O-O 9. O-O d5 10. exd5 cxd5 11. h3 Bb7 12. Qe1 Bxc3 13. Bxc3 d4 14. Bb4 Re8
15. f3 e4 16. fxe4 Bxe4 17. Qg3 Bxd3 18. Qxd3 Re3 19. Qa6 Qd5 20. Rad1 Rg3 21.
Rf2 Rg6 22. c4 Qd7 23. Qa3 Ne4 24. Qf3 Re8 25. Rxd4 Qb7 26. Be7 Qxe7 27. Rxe4
Qf8 28. Rxe8 Qxe8 29. Re2 Re6 30. Rxe6 fxe6 31. a3 Qc8 32. Qe4 Kf7 33. b4 a5
34. c5 axb4 35. Qxb4 Qa6 36. a4 Qe2 37. Qf4+ Ke7 38. Qd6+ Kf7 39. c6 Qe3+ 40.
Kh1 Qc1+ 41. Kh2 e5 42. Qd7+ Kf6 43. h4 Qf4+ 44. Kh3 Qxa4 45. Qd8+ Kf5 46. Qg5+
Ke6 47. c7 Qb3+ 48. g3 Qc4 49. c8=Q+ 1-0

[Event "MPN_2026"]
[Site "Pokrzywna"]
[Date "2026.01.17"]
[Round "4.5"]
[White "Stepniak, Przemyslaw"]
[Black "Czerwonski, Aleksander"]
[Result "0-1"]
[WhiteElo "1845"]
[BlackElo "2281"]
[PlyCount "54"]
[EventDate "2026.01.17"]
[SourceDate "2026.01.17"]

1. f4 d5 2. Nf3 g6 3. e3 Bg7 4. d4 Nh6 5. Bd3 Bf5 6. O-O O-O 7. h3 c5 8. c3 Nc6
9. g4 {=} Bxd3 10. Qxd3 f6 11. f5 Qd6 12. Kg2 e5 13. fxe6 Qxe6 14. dxc5 f5 15.
g5 Nf7 16. b3 Nfe5 17. Nxe5 Nxe5 18. Qc2 Qe7 19. h4 Ng4 20. Qd3 Qxc5 21. b4 Qd6
22. Rh1 Rfe8 23. Na3 Qc6 24. b5 Qxc3 25. Qxd5+ Kh8 26. h5 Rxe3 27. Rd1 Re2+ 0-1

[Event "MPN_2026"]
[Site "Pokrzywna"]
[Date "2026.01.17"]
[Round "4.2"]
[White "Chojnowski, Marcin"]
[Black "Dukaczewski, Piotr"]
[Result "0-1"]
[WhiteElo "2032"]
[BlackElo "2176"]
[PlyCount "54"]
[EventDate "2026.01.17"]
[SourceDate "2026.01.17"]

1. e4 e5 2. Nf3 Nc6 3. Bb5 Nf6 4. d3 d6 5. Nc3 a6 6. Bxc6+ bxc6 7. d4 exd4 8.
Nxd4 c5 9. Nf3 Bb7 10. O-O Be7 11. Re1 O-O 12. Bf4 Re8 13. h3 Nd7 14. e5 Nb6
15. exd6 cxd6 16. Qd3 d5 17. Rad1 d4 18. Ne4 Nd5 19. Neg5 g6 20. Bd2 Qb6 21. a4
Bf6 22. b3 Qc6 23. Ne4 Bg7 24. a5 Qc7 25. c3 Ne3 26. fxe3 Bxe4 27. Qc4 Bxf3 0-1

[Event "MPN_2026"]
[Site "Pokrzywna"]
[Date "2026.01.18"]
[Round "5.4"]
[White "Mannke, Manfred"]
[Black "Krupa, Jerzy"]
[Result "1-0"]
[WhiteElo "2055"]
[BlackElo "1869"]
[PlyCount "81"]
[EventDate "2026.01.18"]
[SourceDate "2026.01.18"]

1. d4 d5 2. c4 e6 3. Nc3 Nf6 4. Bg5 Be7 5. e3 O-O 6. Nf3 Nbd7 7. Rc1 c6 8. Bd3
dxc4 9. Bxc4 b6 10. O-O Bb7 11. Qe2 h6 12. Bh4 Nd5 13. Bg3 Nxc3 14. bxc3 b5 15.
Bd3 a6 16. Rfd1 Rc8 17. c4 Re8 18. c5 Nf6 19. e4 Nh5 20. e5 g6 21. Qe3 Bg5 22.
Nxg5 Qxg5 23. f4 Qd8 24. Bf2 Kh7 25. g4 Ng7 26. Be4 Qa5 27. a3 Rcd8 28. Qf3 Qc7
29. Bh4 Rc8 30. f5 Rg8 31. f6 Nf5 32. Bf2 Rcd8 33. Kh1 a5 34. Qh3 Rxd4 35. Bxd4
Nxd4 36. Rxd4 Qxe5 37. Qd3 Qg5 38. Rg1 Bc8 39. Rd8 Qxf6 40. Rxg8 Kxg8 41. Bxc6
1-0

[Event "MPN_2026"]
[Site "Pokrzywna"]
[Date "2026.01.18"]
[Round "5.2"]
[White "Czerwonski, Aleksander"]
[Black "Jasnikowski, Zbigniew"]
[Result "1/2-1/2"]
[WhiteElo "2281"]
[BlackElo "2201"]
[PlyCount "127"]
[EventDate "2026.01.18"]
[SourceDate "2026.01.18"]

1. d4 Nf6 2. c4 e6 3. Nf3 d5 4. Nc3 Be7 5. Bg5 Nbd7 6. e3 O-O 7. Rc1 c6 8. Bd3
a6 9. O-O dxc4 10. Bxc4 b5 11. Bb3 c5 12. Qe2 Bb7 13. Rfd1 Ne4 14. Nxe4 Bxe4
15. Bxe7 Qxe7 16. Bc2 Bxf3 17. Qxf3 cxd4 18. Rxd4 Nf6 19. Bb3 Rad8 20. Rxd8
Qxd8 21. g3 Qd2 22. Rc2 Qe1+ 23. Kg2 a5 24. Rc5 a4 25. Bd1 Qb4 26. Rc2 h6 27.
a3 Qd6 28. Be2 Qe5 29. Qc6 Rb8 30. Qc5 Qd5+ 31. Qxd5 Nxd5 32. e4 Nf6 33. f3 g5
34. Rc5 b4 35. Rc4 bxa3 36. bxa3 Rb2 37. Kf2 g4 38. f4 h5 39. Rxa4 Rb3 40. Ke1
Rb2 41. Rb4 Ra2 42. a4 Kg7 43. Rd4 Ra1+ 44. Bd1 Ra2 45. Rd2 Ra1 46. Rd4 Ra2 47.
Be2 Ra1+ 48. Kf2 Ra3 49. Bb5 Ra2+ 50. Ke3 Rxh2 51. a5 Rb2 52. Ba4 h4 53. gxh4
g3 54. Kf3 g2 55. Rd1 Nxe4 56. Rg1 Nd2+ 57. Kxg2 Ra2 58. Bd1 Rxa5 59. Kf2+ Kh6
60. Ke3 Rd5 61. Be2 f5 62. Rd1 Nc4+ 63. Kf3 Rxd1 64. Bxd1 1/2-1/2

[Event "MPN_2026"]
[Site "Pokrzywna"]
[Date "2026.01.18"]
[Round "5.3"]
[White "Madrawski, Krzysztof"]
[Black "Chojnowski, Marcin"]
[Result "1/2-1/2"]
[WhiteElo "2090"]
[BlackElo "2032"]
[PlyCount "154"]
[EventDate "2026.01.18"]
[SourceDate "2026.01.18"]

1. Nf3 b6 2. e4 Bb7 3. Nc3 e6 4. d4 d5 {=} 5. exd5 exd5 6. Bf4 Nf6 7. Bd3 Be7
8. O-O O-O 9. Ne5 c5 10. Qf3 Nc6 11. Nxc6 Bxc6 12. Rfe1 c4 13. Bxc4 dxc4 14.
Qxc6 Qxd4 15. Be5 Qg4 16. h3 Qf5 17. Qxc4 Qxc2 {=} 18. Rac1 Qg6 19. Bh2 Rac8
20. Nd5 Bc5 21. Ne7+ Bxe7 22. Qxc8 Rxc8 23. Rxc8+ Bf8 24. Bd6 Nd7 25. Bxf8 Nxf8
26. Ree8 Qb1+ 27. Kh2 g6 28. Rxf8+ Kg7 29. Rg8+ Kh6 30. Rc4 Qxb2 31. Rh4+ Kg5
32. Rg4+ Kf5 33. Ra4 a5 34. f4 h5 35. Rb8 Qb5 36. Rd4 {=?} Qc5 37. Rbd8 Kf6 38.
R8d5 Qc7 39. a4 h4 40. Kg1 Qc3 41. Kf2 Qg3+ 42. Kf1 Qe3 43. Rd6+ Kg7 44. Rd7
Kh6 45. R7d5 f5 46. Rd7 Qc3 47. Rd8 Qa1+ 48. Ke2 Qb2+ 49. Rd2 Qb3 50. R2d4 b5
51. axb5 Qxb5+ 52. Ke3 Qb3+ 53. Rd3 Qc2 54. Kf3 Qc6+ 55. Kf2 a4 56. Rh8+ Kg7
57. Rhd8 Qb5 58. R3d4 Qb6 59. Ke1 Qb1+ 60. Rd1 Qb4+ 61. Kf2 Kf7 62. R8d7+ Ke8
63. R7d3 Qc5+ 64. Re3+ Kf7 65. Rd7+ Kf6 66. Rdd3 Qc4 67. g3 hxg3+ 68. Kxg3 Qc1
69. Rd6+ Kg7 70. Re7+ Kh6 71. Rdd7 Qg1+ 72. Kf3 Qf1+ 73. Kg3 Qg1+ 74. Kf3 Qf1+
75. Kg3 Qg1+ 76. Kf3 Qf1+ 77. Kg3 Qg1+ 1/2-1/2

[Event "MPN_2026"]
[Site "Pokrzywna"]
[Date "2026.01.18"]
[Round "5.6"]
[White "Lukasiewicz, Ignacy"]
[Black "Uzialko, Marek"]
[Result "1-0"]
[WhiteElo "1827"]
[BlackElo "1888"]
[PlyCount "83"]
[EventDate "2026.01.17"]
[SourceDate "2026.01.18"]

1. d4 Nf6 2. c4 c5 3. d5 d6 4. Nc3 e5 5. e4 Bd7 6. Be2 Be7 7. Nf3 O-O 8. O-O
Ne8 9. Ne1 g5 10. Nd3 Ng7 11. b4 cxb4 12. Nxb4 a5 13. Nd3 Na6 14. Rb1 b6 15.
Be3 Nc5 16. Rb2 f5 17. f3 h5 18. Bxc5 bxc5 19. Na4 Rb8 20. Rxb8 Qxb8 21. Nc3 f4
22. Qc2 Qa7 23. Nb5 Bxb5 24. cxb5 Bd8 25. Nb2 Rf6 26. Nc4 Ne8 27. b6 Bxb6 28.
Nxb6 Qxb6 29. Rb1 Qa7 30. Qa4 Rf8 31. Qc6 Qg7 32. Rb8 Qg6 33. Qa8 Qf7 34. Qxa5
Nf6 35. Rxf8+ Qxf8 36. a4 g4 37. Qc7 h4 38. a5 h3 39. a6 hxg2 40. a7 g3 41. h3
Ne8 42. Qc6 1-0